Guess the 2023 Formula 1 driver - Statistics

General Stats
  • This quiz has been taken 303 times
    56 since last reset
  • The average score is 14 of 21
Answer Stats
Hint Answer % Correct
The only American driver Logan Sargeant
87%
The driver who placed second in the championshipin 2022 Charles Leclerc
82%
The driver whose father owns his team Lance Stroll
82%
The driver who almost set a record for the most championships Lewis Hamilton
79%
The driver who has a repetitive fan song written about himself Max Verstappen
77%
The older driver on Alpha Tauri (2023) Nyck DeVries
77%
The driver who moved from Mercedes after 5 years Valtteri Bottas
77%
The winner of the 2021 Hungarian Grand Prix Esteban Ocon
72%
The driver with the highest populated home country Guanyu Zhou
67%
The driver who replaced Gasly in a previous season Alex Albon
64%
The driver who has broken two doors Kevin Magnussen
64%
The driver who curses every other word and is described by Will Buxton as a "little pocket rocket" Yuki Tsunoda
64%
Lovable driver who has raced for 7 teams (2023) Daniel Ricciardo
62%
The driver whose name sounds like one of the Avengers Nico Hulkenberg
62%
The driver who was going to drive for Alpine but turned the tables Oscar Piastri
62%
The driver with the lowest double number Sergio Pérez
62%
The driver who went from the worst team to a top-3 team George Russell
59%
The driver who took a two year sabbatical Fernando Alonso
56%
The driver who "didn't know he had fans" Lando Norris
56%
The driver who shares a name with their teammate in a different language Carlos Sainz
46%
The first driver to have a car retirement in 2022 Pierre Gasly
31%
No matching quizzes found
Score Distribution
Percent of People with Each Score
Percentile by Number Answered
Your Score History
You have not taken this quiz since the last reset